| 000 | 00408nam a22001457a 4500 | ||
|---|---|---|---|
| 008 | 240325b |||||||| |||| 00| 0 eng d | ||
| 020 | _a0205125751. | ||
| 050 | _aHM101.L368 1990 | ||
| 100 |
_aLauer, H Robert. _952597 |
||
| 245 |
_aPerspectives on social change. _cRobert H.lauer |
||
| 300 |
_aix; _b438p, _c24cm. |
||
| 650 |
_vSocial conflict. _99948 |
||
| 650 | _vSocial change. | ||
| 942 |
_2lcc _cMONOGRAPH |
||
| 999 |
_c131850 _d131850 |
||